Henri Cartier-Bresson (Record no. 10809)

MARC details
000 -CABECERA
campo de control de longitud fija 01084nam a22002417a 4500
001 - NÚMERO DE CONTROL
campo de control BRCA_9190
003 - IDENTIFICADOR DEL NÚMERO DE CONTROL
campo de control FranzMayer
005 - FECHA Y HORA DE LA ÚLTIMA TRANSACCIÓN
campo de control 20220809132707.0
008 - DATOS DE LONGITUD FIJA--INFORMACIÓN GENERAL
campo de control de longitud fija 220706b |||||||| |||| 00| 0 spa d
020 ## - NÚMERO INTERNACIONAL ESTÁNDAR DEL LIBRO
Número Internacional Estándar del Libro 9786076052853
Información calificativa Instituto Nacional de Bellas Artes
040 ## - FUENTE DE LA CATALOGACIÓN
Lengua de catalogación spa
Centro/agencia transcriptor MFM
041 1# - CÓDIGO DE LENGUA
Código de lengua del texto/banda sonora o título independiente spa
050 ## - SIGNATURA TOPOGRÁFICA DE LA BIBLIOTECA DEL CONGRESO
Número de clasificación TR647.H4
Número de documento/Ítem H46 2014
245 ## - MENCIÓN DE TÍTULO
Título Henri Cartier-Bresson
260 ## - PUBLICACIÓN, DISTRIBUCIÓN, ETC.
Lugar de publicación, distribución, etc. Madrid :
Nombre del editor, distribuidor, etc. Fundación Mapfre
Fecha de publicación, distribución, etc. c 2014
300 ## - DESCRIPCIÓN FÍSICA
Extensión 397 p. :
Otras características físicas il. y fot. ;
Dimensiones 25.5 x 30 cm.
500 ## - NOTA GENERAL
Nota general Ubicación: L59-N5
504 ## - NOTA DE BIBLIOGRAFÍA, ETC.
Nota de bibliografía, etc. Bibliografía seleccionada: p. 394-397
520 ## - SUMARIO, ETC.
Sumario, etc. Obra publicada con ocasión de la exposición "Henri Cartier-Bresson"; Presentada en París, en el Centre Pompidou, Galerie 2, febrero-junio 2014; en Madrid, en FUNDACIÓN MAPFRE, junio-septiembre 2014;en Roma, en el Museo dell'Ara Pacis, septiembre 2014-enero 2015en la Ciudad de México, en el Museo del Palacio de Bellas Artes, febrero-abril 2015
600 ## - PUNTO DE ACCESO ADICIONAL DE MATERIA--NOMBRE DE PERSONA
Nombre de persona Cartier-Bresson, Henri,‏
Fechas asociadas al nombre 1908-2004
Subdivisión de forma Exposición
Subdivisión general Fotografía
Subdivisión cronológica Siglo XX
9 (RLIN) 28426
942 ## - ELEMENTOS DE PUNTO DE ACCESO ADICIONAL (KOHA)
Fuente del sistema de clasificación o colocación Library of Congress Classification
Tipo de ítem Koha Libros
Holdings
Estado de retiro Estado de pérdida Fuente del sistema de clasificación o colocación Estado dañado No para préstamo Localización permanente Ubicación/localización actual Fecha de adquisición Total de préstamos Signatura topográfica completa Código de barras Fecha visto por última vez Número de copia Precio válido a partir de Tipo de ítem Koha
El ejemplar forma parte de la colección y puede ser consultado según las políticas vigentes.   Library of Congress Classification     Biblioteca del Museo Franz Mayer (Rogerio Casas-Alatriste) Biblioteca del Museo Franz Mayer (Rogerio Casas-Alatriste) 06/07/2022   TR647.H4 H46 2014 CONT9963 06/07/2022 1 06/07/2022 Libros